Advances in immunology / (Record no. 7593)
[ view plain ]
| 000 -LEADER | |
|---|---|
| fixed length control field | 00508nam a2200157Ia 4500 |
| 008 - FIXED-LENGTH DATA ELEMENTS--GENERAL INFORMATION | |
| fixed length control field | 1967 a gf| a aengdc |
| 040 ## - CATALOGING SOURCE | |
| Original cataloging agency | ABU,Za |
| 050 ## - LIBRARY OF CONGRESS CALL NUMBER | |
| Classification number | QR 180 |
| 245 #0 - TITLE STATEMENT | |
| Title | Advances in immunology / |
| Statement of responsibility, etc. | edited by F.J. Dixon and Henry G. Kunkel |
| 260 ## - PUBLICATION, DISTRIBUTION, ETC. | |
| Place of publication, distribution, etc. | New York |
| Name of publisher, distributor, etc. | Academic Press |
| Date of publication, distribution, etc. | 1967 |
| 300 ## - PHYSICAL DESCRIPTION | |
| Extent | xiii,349p.:ill |
| 504 ## - BIBLIOGRAPHY, ETC. NOTE | |
| Bibliography, etc. note | Include bibliographical reference and index |
| 650 ## - SUBJECT ADDED ENTRY--TOPICAL TERM | |
| Topical term or geographic name entry element | microbiology |
| 700 ## - ADDED ENTRY--PERSONAL NAME | |
| Personal name | Kunkel, Henry G.;Dixon, F.J. |
No items available.